Central Library OPAC University of Rajshahi

Contributions to the theory of Riemann surfaces : (Record no. 7249)

MARC details
000 -LEADER
fixed length control field 01009nam a2200289 a 4500
001 - CONTROL NUMBER
control field 7249
003 - CONTROL NUMBER IDENTIFIER
rucl marc code BD-RjUL
005 - DATE AND TIME OF LATEST TRANSACTION
control field 20211208234403.0
008 - FIXED-LENGTH DATA ELEMENTS--GENERAL INFORMATION
fixed length control field 160922r19571953nju b 000 0 eng
035 ## - SYSTEM CONTROL NUMBER
System control number (BD-RjUL)7291
040 ## - CATALOGING SOURCE
Original cataloging agency DLC
Transcribing agency ODaWU
Modifying agency OCoLC
-- DLC
-- BD-RjUL
Language of cataloging eng
041 ## - LANGUAGE CODE
Language code of text/sound track or separate title eng
082 00 - DEWEY DECIMAL CLASSIFICATION NUMBER
Classification number 515.93
Edition number 23
Author mark and year CON 1957
100 1# - MAIN ENTRY--PERSONAL NAME
Personal name Ahlfors, Lars V.
Fuller form of name (Lars Valerian),
Dates associated with a name 1907-1996,
9 (RLIN) 21571
245 10 - TITLE STATEMENT
Title Contributions to the theory of Riemann surfaces :
Remainder of title centennial celebration of Riemann's dissertation /
Statement of responsibility, etc. by L.V. Ahlfors ... [et. al.].
260 ## - PUBLICATION, DISTRIBUTION, ETC. (IMPRINT)
Place of publication, distribution, etc. Princeton, N.J. :
Name of publisher, distributor, etc. Princeton University Press,
Date of publication, distribution, etc. c1953 [printing 1957].
300 ## - PHYSICAL DESCRIPTION
Pagination v, 264 p. ;
Size 26 cm.
504 ## - BIBLIOGRAPHY, ETC. NOTE
Bibliography, etc Includes bibliographies.
650 #0 - SUBJECT ADDED ENTRY--TOPICAL TERM
Topical term or geographic name as entry element Riemann surfaces.
9 (RLIN) 19495
Topical term or geographic name as entry element Analysis (Calculus)
9 (RLIN) 157270
700 1# - ADDED ENTRY--PERSONAL NAME
Personal name Kodaira, K.
Personal name Bergman, S.
Personal name Morse, M. [and other].
942 ## - ADDED ENTRY ELEMENTS (KOHA)
Source of classification or shelving scheme Dewey Decimal Classification
Koha item type Books
Holdings
Lost status Source of classification or shelving scheme Damaged status Not for loan Collection code Permanent Location Current Location Shelving location Date acquired Source of acquisition Cost, normal purchase price Total Checkouts Full call number Date last seen Copy number Koha item type
  Dewey Decimal Classification     Non-fiction Central Library, University of Rajshahi Central Library, University of Rajshahi   08/02/1958 Oxford University press 26.00   515.93 CON 1957 13/01/2014 C-2 Books